Hay una hormiga en el baño /

Justo cuando Matilde estaba por abrir la ducha, vio una hormiga. Llamó a su mamá pero, entonces, la hormiga se escondió. ¡Matilde recibió más visitas inesperadas en el baño!

Guardado en:
Autor Principal: Brown, Virginia.
Otros Autores: Perica; il.
Formato: Libro
Publicado: Buenos Aires : SM, 2017.
Edición:1a ed. 7a. reimp.
Series:El Barco de Vapor. Los Piratas ; 11
Materias:
Etiquetas: Agregar Etiqueta
Sin Etiquetas, Sea el primero en etiquetar este registro!
LEADER 00886nam a22002295a 4500
001 CEM.cems020775
008 240215s2017##################000#0#####d
005 20240215144816.0
245 1 0 |a Hay una hormiga en el baño /  |c Virginia Brown ; ilustrado por Perica. 
250 |a 1a ed. 7a. reimp. 
260 |a Buenos Aires :  |b SM,  |c 2017. 
300 |a 32 p. 
490 0 |a El Barco de Vapor. Los Piratas ;  |v 11 
520 |a Justo cuando Matilde estaba por abrir la ducha, vio una hormiga. Llamó a su mamá pero, entonces, la hormiga se escondió. ¡Matilde recibió más visitas inesperadas en el baño! 
500 |a Para empezar a leer. 
020 |a 9789875733107 
100 1 |a Brown, Virginia. 
700 1 |a Perica; il. 
653 |a Literatura uruguaya 
653 |a Literatura infantil 
653 |a Novela infantil 
859 |a CEMS  |b BIB. CEMS - Inicial y Primaria  |h U863.4  |i B812  |k IP  |p 6093  |t Ej. 1